Computational methods for multiphase flow / (Record no. 23659)

000 -LEADER
fixed length control field 01340pam a22002894a 4500
001 - CONTROL NUMBER
control field 16005272
003 - CONTROL NUMBER IDENTIFIER
control field NUST
005 - DATE AND TIME OF LATEST TRANSACTION
control field 20170531110428.0
008 - FIXED-LENGTH DATA ELEMENTS--GENERAL INFORMATION
fixed length control field 091202r20092007enka b 001 0 eng
010 ## - LIBRARY OF CONGRESS CONTROL NUMBER
LC control number 2009497314
020 ## - INTERNATIONAL STANDARD BOOK NUMBER
International Standard Book Number 9780521138611
040 ## - CATALOGING SOURCE
Original cataloging agency DLC
Transcribing agency RCMS
Modifying agency DLC
050 00 - LIBRARY OF CONGRESS CALL NUMBER
Classification number TA357.5.M84
Item number C65 2009
082 ## - DEWEY DECIMAL CLASSIFICATION NUMBER
Classification number 620.10 PRO
100 ## - MAIN ENTRY--PERSONAL NAME
Personal name edited by Andrea Prosperetti and Grétar Tryggvason.
9 (RLIN) 1679
245 00 - TITLE STATEMENT
Title Computational methods for multiphase flow /
Statement of responsibility, etc. edited by Andrea Prosperetti and Grétar Tryggvason.
260 ## - PUBLICATION, DISTRIBUTION, ETC.
Place of publication, distribution, etc. Cambridge ;
-- New York :
Name of publisher, distributor, etc. Cambridge University Press,
Date of publication, distribution, etc. c2009.
300 ## - PHYSICAL DESCRIPTION
Extent xviii, 469 p. :
Other physical details ill. (some col.) ;
Dimensions 25 cm.
500 ## - GENERAL NOTE
General note "Reprinted in paperback with corrections 2009"--T.p. verso.
504 ## - BIBLIOGRAPHY, ETC. NOTE
Bibliography, etc. note Includes bibliographical references (p. 436-465) and index.
538 ## - SYSTEM DETAILS NOTE
Display text Shelf No 1 Row No 2
650 #0 - SUBJECT ADDED ENTRY--TOPICAL TERM
Topical term or geographic name entry element Multiphase flow
General subdivision Data processing.
9 (RLIN) 1680
650 #0 - SUBJECT ADDED ENTRY--TOPICAL TERM
Topical term or geographic name entry element Multiphase flow
General subdivision Mathematical models.
9 (RLIN) 1681
700 1# - ADDED ENTRY--PERSONAL NAME
Personal name Prosperetti, Andrea.
9 (RLIN) 1682
700 1# - ADDED ENTRY--PERSONAL NAME
Personal name Tryggvason, Gretar.
9 (RLIN) 1683
856 42 - ELECTRONIC LOCATION AND ACCESS
Materials specified Contributor biographical information
Uniform Resource Identifier <a href="http://www.loc.gov/catdir/enhancements/fy1004/2009497314-b.html">http://www.loc.gov/catdir/enhancements/fy1004/2009497314-b.html</a>
856 42 - ELECTRONIC LOCATION AND ACCESS
Materials specified Publisher description
Uniform Resource Identifier <a href="http://www.loc.gov/catdir/enhancements/fy1004/2009497314-d.html">http://www.loc.gov/catdir/enhancements/fy1004/2009497314-d.html</a>
856 41 - ELECTRONIC LOCATION AND ACCESS
Materials specified Table of contents only
Uniform Resource Identifier <a href="http://www.loc.gov/catdir/enhancements/fy1004/2009497314-t.html">http://www.loc.gov/catdir/enhancements/fy1004/2009497314-t.html</a>
906 ## - LOCAL DATA ELEMENT F, LDF (RLIN)
a 7
b cbc
c origcop
d 2
e ncip
f 20
g y-gencatlg
942 ## - ADDED ENTRY ELEMENTS (KOHA)
Source of classification or shelving scheme
Koha item type Book
Holdings
Withdrawn status Lost status Source of classification or shelving scheme Damaged status Not for loan Permanent Location Current Location Shelving location Date acquired Total Checkouts Full call number Barcode Date last seen Price effective from Koha item type
          Central Library (CL) Central Library (CL) General Stacks 12/27/2013   620.10 PRO RCMS002213 12/27/2013 12/27/2013 Book
          School of Interdisciplinary Engineering and Sciences (SINES) School of Interdisciplinary Engineering and Sciences (SINES) General Stacks 12/27/2013     RCMS002169 12/27/2013 12/27/2013 Book
© 2023 Central Library, National University of Sciences and Technology. All Rights Reserved.